LEADER 01393nam a2200301 a 4500 001 000000135254 003 CaOOAMICUS 005 20130902132718.0 008 130902s2007 gw u000 u eng r 020 $a978-3-11-019048-9 040 $aPUL$bita 082 04$a340.59 100 1 $aJokisch, Benjamin.$0(OLS)http://pul/name/87142 245 10$aIslamic imperial law :$bHarun-Al-Rashid's codification project /$cBenjamin Jokisch. 260 $aBerlin ;$aNew York :$bWalter de Gruyter,$cİ2007. 300 $a757 p. ;$c24 cm 490 1 $aStudien zur Geschichte und Kultur des islamischen Orients. Neue Folge ;$vBd 19 504 $aBibliografia p. [687]-746. 650 4$aDiritto islamico.$0(OLS)http://pul/subject/490 830 0$aStudien zur Geschichte und Kultur des islamischen Orients.$pNeue Folge ;$vBd 19.$0(OLS)http://pul/title/171039 850 $aPUL 852 $aPUL$W1$xSL Diritto e Scienze Sociali 3$y79$m340. 59 JOKBE 1$j155837$qDDC 21$q $B155272$CPULBib$Z2$F155272 $H122773 $81 941 1 $a9 996 $6020$a978-3-11-019048-9$9(OLS)http://pul/number/153440 996 $6082$a340.59$9(OLS)http://pul/classification/2091 996 $6245$aIslamic imperial law :$bHarun-Al-Rashid's codification project$9(OLS)http://pul/title/171038 996 $6260$aBerlin ;$aNew York :$bWalter de Gruyter$9(OLS)http://pul/publisher/48355 LEADER 01536nam a2200325 a 4500 001 000000173931 003 CaOOAMICUS 005 20230217104712.0 008 201110s2019 sz u000 u ger r 020 $a978-3-030-17928-1* 032 $aLibriCat 040 $aPUL$bita 100 1 $aBrudzinska, Jagna.$0(OLS)http://pul/name/81653 245 10$aBi-Valenz der Erfahrung :$bAssoziation, Imagina?res und Trieb in der Genesis der Subjektivita?t bei Husserl und Freud /$cJagna Brudzinska. 260 $aCham, ecc. :$bSpringer,$cİ2019. 300 $a251 p. ;$c24 cm 490 1 $aPhaenomenologica ;$v229 500 $aInclude indice. 504 $aBibliografia nelle note. 600 14$aHusserl, Edmund,$d1859-1938$xFenomenologia.$0(OLS)http://pul/subject/36866 600 14$aFreud, Sigmund,$d1856-1939$xCritica e interpretazione.$0(OLS)http://pul/subject/7836 650 4$aFenomenologia$xStudi.$0(OLS)http://pul/subject/39462 830 0$aPhaenomenologica ;$v229.$0(OLS)http://pul/title/17674 850 $aPUL 852 $aPUL$W1$xSL Filosofia 2$y80$mPhil A5 229$j198068$qStampati Altre Collocazioni$B202749$CPULBib$Z2$F202749 $H134471 $82 941 1 $a10 996 $6020$a978-3-030-17928-1*$9(OLS)http://pul/number/167814 996 $6245$aBi-Valenz der Erfahrung :$bAssoziation, Imagina?res und Trieb in der Genesis der Subjektivita?t bei Husserl und Freud$9(OLS)http://pul/title/215153 996 $6260$aCham, ecc. :$bSpringer$9(OLS)http://pul/publisher/84554